000 00366nam a2200157 a 4500
008 030807s1975||||xx 0 und c
040 _aSNK
_bslo
_cSNK
_eAACR2
100 1 _aSpiritza, Juraj
245 1 0 _aPodoby starého Spiša
250 _a1. vyd.
260 _aBratislava
_bPALLAS
_c1975
300 _a141 s.
044 _axo
_cSK
041 _aslo
020 _c80
999 _c14964
_d14964